National Telecommunications and Information Administration (Record no. 120125)

MARC details
000 -LEADER
fixed length control field 00849cam a2200217 4500
001 - CONTROL NUMBER
control field WS118981
008 - FIXED-LENGTH DATA ELEMENTS--GENERAL INFORMATION
fixed length control field 020722n 000 0 eng u
035 ## - SYSTEM CONTROL NUMBER
System control number (Sirsi) u118981
110 ## - MAIN ENTRY--CORPORATE NAME
Corporate name or jurisdiction name as entry element US Department of Commerce
9 (RLIN) 4296
245 ## - TITLE STATEMENT
Title National Telecommunications and Information Administration
520 ## - SUMMARY, ETC.
Summary, etc. Web site for this agency of the US Department of Commerce, its voice on domestic and international telecommunications and information technology issues. Includes press releases and publications.
650 ## - SUBJECT ADDED ENTRY--TOPICAL TERM
Topical term or geographic name entry element GOVERNMENT
650 ## - SUBJECT ADDED ENTRY--TOPICAL TERM
Topical term or geographic name entry element INTERNATIONAL
650 ## - SUBJECT ADDED ENTRY--TOPICAL TERM
Topical term or geographic name entry element USA
650 ## - SUBJECT ADDED ENTRY--TOPICAL TERM
Topical term or geographic name entry element MANAGEMENT-BUSINESS MANAGEMENT-INFORMATION MANAGEMENT
650 ## - SUBJECT ADDED ENTRY--TOPICAL TERM
Topical term or geographic name entry element SPECTRUM MANAGEMENT
650 ## - SUBJECT ADDED ENTRY--TOPICAL TERM
Topical term or geographic name entry element GRANTS
690 ## - LOCAL SUBJECT ADDED ENTRY--TOPICAL TERM (OCLC, RLIN)
Topical term or geographic name as entry element TELECOMMUNICATIONS
856 40 - ELECTRONIC LOCATION AND ACCESS
Uniform Resource Identifier <a href="https://www.ntia.doc.gov">https://www.ntia.doc.gov</a>
Public note View the website free of charge at www.ntia.doc.gov...
942 ## - ADDED ENTRY ELEMENTS (KOHA)
Suppress in OPAC 0
Holdings
Withdrawn status Lost status Source of classification or shelving scheme Damaged status Not for loan Home library Current library Shelving location Date acquired Total Checkouts Full call number Barcode Date last seen Copy number Price effective from Koha item type
    Dewey Decimal Classification     Virtual Virtual Online 22/07/2002   WEB SITE 118981-2001 06/08/2019 1 06/08/2019 Online material